UBT Library

Addison-Wesley's review for the AP computer science exam in Java : (Record no. 39338)

000 -LEADER
fixed length control field 00964cam a22002894a 4500
001 - CONTROL NUMBER
control field 14164154
005 - DATE AND TIME OF LATEST TRANSACTION
control field 20171222072809.0
008 - FIXED-LENGTH DATA ELEMENTS--GENERAL INFORMATION
fixed length control field 051102s2007 maua 001 0 eng
010 ## - LIBRARY OF CONGRESS CONTROL NUMBER
LC control number 2005031895
020 ## - INTERNATIONAL STANDARD BOOK NUMBER
International Standard Book Number 0321395727 (pbk.)
020 ## - INTERNATIONAL STANDARD BOOK NUMBER
International Standard Book Number 9780321395726 (pbk.)
035 ## - SYSTEM CONTROL NUMBER
System control number (OCoLC)ocm62281926
035 ## - SYSTEM CONTROL NUMBER
System control number (OCoLC)62281926
040 ## - CATALOGING SOURCE
Original cataloging agency DLC
Transcribing agency DLC
Modifying agency BAKER
-- C#P
-- BTCTA
-- YDXCP
-- DLC
041 ## - LANGUAGE CODE
Language code of text/sound track or separate title eng
080 ## - UNIVERSAL DECIMAL CLASSIFICATION NUMBER
Universal Decimal Classification number 005.133 SUS
082 00 - DEWEY DECIMAL CLASSIFICATION NUMBER
Classification number 005.133 SUS
Edition number 22
100 1# - Rafti
Rafti 48
101 ## - Shkurtesa
Shkurtesa SHK
245 10 - TITLE STATEMENT
Title Addison-Wesley's review for the AP computer science exam in Java :
Statement of responsibility, etc Susan Horwitz, Leigh Ann Sudol.
246 30 - VARYING FORM OF TITLE
Title proper/short title Review for the AP computer science exam in Java
246 30 - VARYING FORM OF TITLE
Title proper/short title AP computer science exam in Java
246 30 - VARYING FORM OF TITLE
Title proper/short title AP Java
906 ## - LOCAL DATA ELEMENT F, LDF (RLIN)
a 7
b cbc
c orignew
d 1
e ecip
f 20
g y-gencatlg
942 ## - ADDED ENTRY ELEMENTS (KOHA)
Source of classification or shelving scheme
Item type Books
Holdings
Withdrawn status Lost status Source of classification or shelving scheme Damaged status Not for loan Permanent location Current location Date acquired Total Checkouts Full call number Barcode Date last seen Price effective from Koha item type
          UBT - Lipjan UBT - Lipjan 12/22/2017   005.133 SUS 002-2939878 12/22/2017 12/22/2017 Books
          UBT - Lipjan UBT - Lipjan 12/22/2017   005.133 SUS 002-2939873 12/22/2017 12/22/2017 Books
UBT Library © 2015-2024. All rights reserved University Education for Business and Technology